Users with the Most Featured Quizzes - Statistics

General Stats
  • This quiz has been taken 27 times
    17 since last reset
  • The average score is 3 of 16
Answer Stats
Rank Nationality User % Correct
318 #6 Stewart
69%
43 #49 HinesBrothers
38%
119 #4 Quizzer6794
31%
252 #1 relessness
31%
249 #3 Jerry928
19%
99 #9 kiwirage
19%
98 #7 KoljiVriVoda
19%
1,196 #6 Gamer1162
13%
605 #8 Gassu
13%
75 #47 IAB
13%
44 #17 Jiaozira
13%
67 #33 Aaron197
6%
57 #148 Jato3
6%
219 #37 ? Quizgas
6%
96 #10 WolfCam
6%
112 #15 skukka
0%
No matching quizzes found
Score Distribution
Percent of People with Each Score
Percentile by Number Answered
Your Score History
You have not taken this quiz since the last reset